000 00339nam a2200145Ia 4500
005 20251222152652.0
008 251222s9999||||xx |||||||||||||| ||spa||
020 _a8401370663
082 _a303.4/T67
100 _aToffler, Alvin
245 0 _aLa Tercera Ola
250 _a1ra.ed.
264 _bPlaza James Editores, S.A.
942 _cLIB
999 _c28489
_d28489